000 00299nam a2200109Ia 4500
008 210107s9999 xx 000 0 und d
100 _aGhosh, subratesh
245 0 _aStyles of man management in India Japan & socialist countries
260 _aNew Delhi
_bOxford & IBH
300 _a163
942 _cBK
999 _c11285
_d11285